000 00515nam a2200133Ia 4500
008 171212s9999 xx 000 0 und d
020 _a9780833081032
100 _aBaiocchi, Dave;Fox, D. Steven
245 _cBaiocchi, Dave;Fox, D. Steven
_aSurprise!
_bFrom CEOs to Navy SEALs: How a Select Group of Professionals Prepare for and Respond to the Unexpected
260 _bRAND Corporation
_c2013
650 _aBusiness
650 _aEmergency management; Surprise
856 _uwww.jstor.org/stable/10.7249/j.ctt4cgdhw
999 _c352594
_d352594